|
|
|
|
| LEADER |
01799nam a2200385Ia 4500 |
| 001 |
EBC3050459 |
| 003 |
MiAaPQ |
| 005 |
20200520144314.0 |
| 006 |
m o d | |
| 007 |
cr cn||||||||| |
| 008 |
010425s2000 dcu sb 100 0 eng d |
| 020 |
|
|
|z 0821347098
|
| 035 |
|
|
|a (MiAaPQ)EBC3050459
|
| 035 |
|
|
|a (Au-PeEL)EBL3050459
|
| 035 |
|
|
|a (CaPaEBR)ebr5004782
|
| 035 |
|
|
|a (CaONFJC)MIL9828
|
| 035 |
|
|
|a (OCoLC)922951494
|
| 040 |
|
|
|a MiAaPQ
|c MiAaPQ
|d MiAaPQ
|
| 050 |
|
4 |
|a HC59.69
|b .W67 2000*
|
| 111 |
2 |
|
|a World Bank Conference on Development in Latin America and the Caribbean
|n (5th :
|d 1999 :
|c Valdivia, Chile)
|
| 245 |
1 |
0 |
|a Annual World Bank Conference on Development in Latin America and the Caribbean, 1999
|h [electronic resource] :
|b decentralization and accountability of the public sector : proceedings of a conference held in San Salvador, El Salvador /
|c edited by Shahid Javed Burki ... [et al.].
|
| 246 |
3 |
0 |
|a Development in Latin America and the Caribbean
|
| 246 |
3 |
0 |
|a Decentralization and acountability of the public sector
|
| 260 |
|
|
|a Washington, D.C. :
|b World Bank,
|c 2000, c1999.
|
| 300 |
|
|
|a iv, 434 p.
|
| 490 |
1 |
|
|a World Bank Latin American and Caribbean studies. Proceedings
|
| 500 |
|
|
|a "Work in progress for public discussion"--Cover.
|
| 504 |
|
|
|a Includes bibliographical references.
|
| 533 |
|
|
|a Electronic reproduction. Ann Arbor, MI : ProQuest, 2015. Available via World Wide Web. Access may be limited to ProQuest affiliated libraries.
|
| 650 |
|
0 |
|a Economic policy.
|
| 655 |
|
4 |
|a Electronic books.
|
| 700 |
1 |
|
|a Burki, Shahid Javed.
|
| 710 |
2 |
|
|a ProQuest (Firm)
|
| 830 |
|
0 |
|a World Bank Latin American and Caribbean studies.
|p Proceedings.
|
| 856 |
4 |
0 |
|u https://ebookcentral.proquest.com/lib/matrademy/detail.action?docID=3050459
|z Click to View
|